| 000 | 00951cam a22003137a 4500 | ||
|---|---|---|---|
| 003 | CHAP | ||
| 005 | 20220817043137.0 | ||
| 008 | 971013s1979 r 00010 d | ||
| 010 | _a66762 | ||
| 011 | _a67734 | ||
| 035 | _a77206 | ||
| 040 | _cCHAP | ||
| 090 | _aFolleto 10504 | ||
| 110 | _aFAO | ||
| 245 | 1 | 0 |
_aRodenticides _b: Analyses specifications, formulations |
| 260 |
_aRome : _bFAO, _c1979 |
||
| 300 |
_a79 p. _b: gráfs. |
||
| 490 | 0 |
_aFAO. Producción y protección vegetal _v; 16 |
|
| 590 |
_aBATCH-UPD _b10 _c20130110 _lUCH01 _h2044 |
||
| 590 |
_aBATCH-UPD _b10 _c20130410 _lUCH01 _h1358 |
||
| 590 |
_aBATCH-UPD _b10 _c20130914 _lUCH01 _h1428 |
||
| 590 |
_aCONVERSION _b10 _c20130109 _lUCH01 _h1337 |
||
| 650 | 1 | 4 |
_aRodenticidas. _998242 |
| 650 | 1 | 4 |
_aSalud pública. _9101813 |
| 830 | 0 |
_aFAO. Producción y protección vegetal _v; 16 _939654 |
|
| 901 | _aBK | ||
| 942 | _cFOLL | ||
| 949 |
_aFolleto 10504 _bBC _cFAO _d-30071 _eFAO1 _i77206 _si |
||
| 999 |
_c66762 _d66762 |
||